000 00310nam a22001457a 4500
008 230524b ||||| |||| 00| 0 eng d
020 _a6104504
041 _aFRA
080 _a82
082 _a82SAR
100 _a38
101 _aGJL
245 _aLE DIABLE ET LE BON DIEU
_cSARTRE.P .J
942 _2udc
_cBK
999 _c59819
_d59819